| 000 | 01323cam a22001934a 4500 | ||
|---|---|---|---|
| 005 | 20250605163410.0 | ||
| 008 | 250528s ||||||||||||||||||||||||d | ||
| 035 | _a18351 | ||
| 020 | _a9600803544 | ||
| 040 |
_aGR-AtMCL _bgre _dGR-AtMCL _eAACR2 |
||
| 245 | 1 | _aΗ Πρόκληση του Επιχειρείν / Εμπειρία από την Πράξη | |
| 260 |
_bΙ. Σιδέρης, _c2005 |
||
| 300 | _a192 | ||
| 520 | _aΤο βιβλίο παρουσιάζει μία σειρά μελετών περίπτωσης επιχειρηματικότητας από την ελληνική πραγματικότητα. Πρόλογος, Μελέτη Περίπτωσης Opinion, Επενδύοντας στο CRM, Μελέτη Περίπτωσης ΙΝΤΕΡΚΕΜ, Ανταγωνισμός και Πελάτες, Μελέτη Περίπτωσης Mantis Πληροφορική ΑΕ, Η Παγκόσμια Αγορά Λογισμικού, Μελέτη Περίπτωσης Αρχέτυπον ΑΕ, Μια ματιά στο Μέλλον, Μελέτη Περίπτωσης Εκδοτική Ελλάδος και Γραφικές Τέχνες ΑΕ, Η Απόφαση της Συνάντησης των Μετόχων. | ||
| 700 | 1 | _aΒουδούρη Ειρήνη | |
| 942 | _cBK | ||
| 999 |
_c3713 _d3713 |
||